Word Scramble - Colors - Statistics

General Stats
  • This quiz has been taken 71 times
  • The average score is 13 of 15
Answer Stats
Hint Answer % Correct
UEBL Blue
100%
EEGRN Green
100%
RPUPEL Purple
94%
DRE Red
94%
THEWI White
94%
WLOEYL Yellow
94%
WRONB Brown
92%
RAOENG Orange
92%
RYAG Gray
90%
VAYN Navy
90%
OVITEL Violet
89%
UVMAE Mauve
68%
RAMONO Maroon
65%
RBEMA Amber
60%
OCLTAB Cobalt
47%
No matching quizzes found
Score Distribution
Percent of People with Each Score
Percentile by Number Answered
Your Score History
You have not taken this quiz